2026 Film Anniversaries - Statistics

General Stats
  • This quiz has been taken 6 times
  • The average score is 10 of 45
Answer Stats
Year Movie Director Star Genre % Correct
2016 Deadpool Tim Miller Ryan Reynolds Superhero, Comedy
67%
1996 Mission: Impossible Brian de Palma Tom Cruise Spy Action
67%
2006 The Departed Martin Scorsese Leonardo DiCaprio Action, Adventure
67%
1966 The Good, the Bad and the Ugly Sergio Leone Clint Eastwood Western
67%
1966 Batman Leslie H. Martinson Adam West Superhero
50%
2016 Doctor Strange Scott Derrickson Benedict Cumberbatch Superhero
50%
2016 La La Land Damien Chazelle Emma Stone Musical, Romance
50%
1976 Rocky John G. Avildsen Sylvester Stallone Sports, Drama
50%
1996 Space Jam Joe Pytka Michael Jordan Animation, Sports
50%
1996 The Rock Michael Bay Sean Connery Action
50%
1956 The Ten Commandments Cecil B. DeMille Charlton Heston Biblical Epic
50%
1986 Top Gun Tony Scott Tom Cruise Action
50%
1986 Aliens James Cameron Sigourney Weaver Sci-Fi, Action
33%
2016 Arrival Denis Villeneuve Amy Adams Sci-Fi
33%
2006 Cars John Lasseter Owen Wilson Animation, Sports
33%
2006 Casino Royale Martin Campbell Daniel Craig Spy Action
33%
2016 Fantastic Beasts and Where to Find Them David Yates Eddie Redmayne Fantasy
33%
1976 A Star is Born Frank Pierson Barbra Streisand Musical, Romance
17%
1986 Ferris Bueller's Day Off John Hughes Matthew Broderick Comedy
17%
2016 Hacksaw Ridge Mel Gibson Andrew Garfield War, Biographical
17%
1946 It's a Wonderful Life Frank Capra Jimmy Stewart Fantasy, Drama
17%
1996 Matilda Danny DeVito Mara Wilson Fantasy
17%
1936 Modern Times Charlie Chaplin Charlie Chaplin Comedy
17%
1976 Network Sidney Lumet Faye Dunaway Black Comedy
17%
2006 Night at the Museum Shawn Levy Ben Stiller Comedy, Fantasy
17%
1996 Scream Wes Craven Neve Campbell Horror Comedy
17%
2006 The Da Vinci Code Ron Howard Tom Hanks Mystery
17%
1986 The Fly David Cronenberg Jeff Goldblum Horror
17%
1956 The King and I Walter Lang Yul Brynner Musical, Drama
17%
1976 All the President's Men Alan J. Pakula Robert Redford Political Drama
0%
1956 Around the World in 80 Days Michael Anderson David Niven Adventure, Comedy
0%
2006 Dreamgirls Bill Condon Beyonce Musical, Biographical
0%
1966 Hawaii George Roy Hill Julie Andrews Adventure, Drama
0%
1996 Independence Day Roland Emmerich Will Smith Sci-Fi, Adventure
0%
2016 Moana John MuskerRon Clements Auli'i Cravalho Animation, Fantasy
0%
1986 Platoon Oliver Stone Willem Dafoe War Epic
0%
2016 Sing Garth Jennings Reese Witherspoon Animation, Musical
0%
1986 Stand by Me Rob Reiner River Phoenix Drama
0%
2006 Talladega Nights: The Ballad of Ricky Bobby Adam McKay Will Ferrell Comedy, Sports
0%
1976 Taxi Driver Martin Scorsese Robert De Niro Crime Thriller
0%
1946 The Big Sleep Howard Hawks Humphrey Bogart Mystery
0%
1996 The Hunchback of Notre Dame Gary Trousdale Kirk Wise Tom Hulce Animation, Musical
0%
2006 The Pursuit of Happyness Gabriele Muccino Will Smith Biographical Drama
0%
1966 Who's Afraid of Virginia Woolf? Mike Nichols Elizabeth Taylor Drama
0%
2016 Zootopia Byron HowardRich Moore Ginnifer Goodwin Animation, Mystery
0%
No matching quizzes found
Score Distribution
Percent of People with Each Score
Percentile by Number Answered
Your Score History
You have not taken this quiz